• 首页
  • 本馆介绍
  • 公告通知
  • 最新文献
  • 馆藏检索
  • 电子资源
  • 读者导购
  • 参考咨询
  • 我的图书馆
  • 登录
  • 详细信息显示
  • 放入我的书架
  • 预约/预借图书
  • 作者相关作品
  • 分类相关作品
  • 丛书相关作品
  • 出版社相关作品

书目信息

  • 表格格式
  • 工作单格式
  • 卡片格式
题名:
成本会计
    
 
作者: 施仁夫主 编著
分册:  
出版信息: 北京   知识出版社  1983.9
页数: 227页
开本: 21cm
丛书名: 新编立信会计丛书
单 册:
中图分类: F235.5
科图分类:
主题词: 会计
电子资源:
ISBN:
000 00614nam0 2200229 45
001 0404251051
005 20040425103807.9
010    @dCNY0.75
091    @a4214.1016
100    @a20040425d1983 km y0chiy0120 ea
101 0  @achi
105    @a z 000yy
200 1  @a成本会计@ACheng Ben Kuai Ji@f施仁夫主编著@FShi Ren Fu Zhu Bian Zhu
210    @a北京@c知识出版社@d1983.9
215    @a227页@d21cm
225    @a新编立信会计丛书
410    @12001 @a新编立信会计丛书
606 0  @a会计
690    @aF235.5@v3
701  0 @a施仁夫主@4编著
801    @aCN@bPftUser@c20040425
905    @f2@b102467-468@dF235.5@e40
    
    成本会计/施仁夫主编著.-北京:知识出版社,1983.9
    227页;21cm.-(新编立信会计丛书)
    
    
    ISBN :CNY0.75
    
●
相关链接 在E读中查询图书 在五车中查询图书 在当当中查询图书 在豆瓣中查询图书


正题名:成本会计     索取号:F235.5/40         预约/预借

序号 登录号 条形码 馆藏地/架位号 状态 备注
1 0102467   000204521   第一借阅区/ [索取号:F235.5/40] 在馆    
2 0102468   000204567   密集书库/ [索取号:F235.5/40] 在馆    
3 0102469   000204558   第一样本阅览室/ [索取号:F235.5/40] 在馆    
唐山师范学院图书馆 欢迎您!
大连网信软件有限公司© 版权所有